| 000 | 01142nam a22002537a 4500 | ||
|---|---|---|---|
| 005 | 20170123164145.0 | ||
| 010 | _aB-124051 | ||
| 020 | _c160.00 | ||
| 035 | _aB-124051 | ||
| 037 | _bCen Lib/Ret | ||
| 040 |
_aDPL _bPN |
||
| 082 |
_aਕ _bਕਿਰਤ |
||
| 245 |
_aਦਲ ਦੀਆਂ ਸ਼ਾਮਾਂ ਸਨਾਸਰ ਦੇ ਸਵੇਰੇ : _cਸੰਪਾਦਕ ਕਿਰਤ ਸਿੰਘ ਇਨਕਲਾਬੀ _b ਕਹਾਨੀ ਸੰਗ੍ਰਹਿ / |
||
| 246 |
_aDal dian shamman sanasar de savere : short stories / _bedited by Kirat Singh Inqulabi |
||
| 260 |
_aਦਿੱਲੀ _bਸਤਵੱਤ ਬੂਕ ਏਜੰਸੀ _c2005 |
||
| 270 |
_a32-ਬੀ ਪ੍ਲੇਆਸੁਰੇ ਗਾਰਡਨ ਮਾਰਕੇਟ ਚਾਂਦਨੀ ਚੋਕ _bਦਿੱਲੀ _e110006 |
||
| 300 |
_a80p ; _c20cm |
||
| 650 |
_aਪੰਜਾਬੀ ਕਹਾਣੀਆ _9121426 |
||
| 650 |
_aਸਾਹਿਤ -- ਪੰਜਾਬੀ _9121427 |
||
| 650 |
_aliterature -- Punjabi _9114104 |
||
| 650 |
_aPunjabi -- story _9116063 |
||
| 700 |
_aਕਿਰਤ ਸਿੰਘ ਇਨਕਲਾਬੀ _948203 |
||
| 942 |
_2ddc _cPN _hਕ _mਕਿਰਤ |
||
| 999 |
_c109943 _d109943 |
||